| 000 | 00758 a2200169 4500 | ||
|---|---|---|---|
| 003 | Nust | ||
| 005 | 20230711090951.0 | ||
| 040 | _cNust | ||
| 082 | _a530,WAG | ||
| 100 |
_aWagstaff .C.J.L _939817 |
||
| 245 |
_aProperties of Matter / _cC.J.L Wagstaff |
||
| 260 |
_aLondon, _bUniversity Tutorial Press, _c1953. |
||
| 300 | _a279:p | ||
| 505 | _aDimensions (Page-1), Lengths and Areas (Page-10), Matter Mass (Page-22), Volumes Density (Page-36), Energy (Page-44), Circular Motion (Page-54), The Pendulum and Simple Harmonic Motion (Page-74), Time (Page-89), Solids (Page-94), Gravity (Page-128), Gases (Page-151), Hydrostatics (Page-188), Liquids (Page-201), Friction (Page-221), Capillarity (Page-229). | ||
| 650 | _aPhysics | ||
| 942 |
_2ddc _cBK _k530,WAG |
||
| 999 |
_c180900 _d180900 |
||